Why nations go to war (Record no. 63016)

000 -LEADER
fixed length control field 00513nam a22001937a 4500
003 - CONTROL NUMBER IDENTIFIER
control field NUST - PNEC
005 - DATE AND TIME OF LATEST TRANSACTION
control field 20170116180802.0
008 - FIXED-LENGTH DATA ELEMENTS--GENERAL INFORMATION
fixed length control field 150416b xxu||||| |||| 00| 0 eng d
020 ## - INTERNATIONAL STANDARD BOOK NUMBER
International Standard Book Number -
040 ## - CATALOGING SOURCE
Transcribing agency LIBRARY
082 ## - DEWEY DECIMAL CLASSIFICATION NUMBER
Classification number 909.82 STO
100 ## - MAIN ENTRY--PERSONAL NAME
9 (RLIN) 2646
Personal name Stoessinger, John G.
245 ## - TITLE STATEMENT
Title Why nations go to war
Statement of responsibility, etc. John G. Stoessinger
250 ## - EDITION STATEMENT
Edition statement 5th ed.
260 ## - PUBLICATION, DISTRIBUTION, ETC.
Place of publication, distribution, etc. Lahore
Name of publisher, distributor, etc. Saleem Book Centre,
Date of publication, distribution, etc. c2003.
300 ## - PHYSICAL DESCRIPTION
Extent 225 p. :
Dimensions 22 cm.
650 ## - SUBJECT ADDED ENTRY--TOPICAL TERM
9 (RLIN) 2648
Topical term or geographic name entry element War, History
General subdivision MIS, General
942 ## - ADDED ENTRY ELEMENTS (KOHA)
Source of classification or shelving scheme
Koha item type Book
Holdings
Withdrawn status Lost status Source of classification or shelving scheme Damaged status Not for loan Permanent Location Current Location Shelving location Date acquired Source of acquisition Cost, normal purchase price Total Checkouts Full call number Barcode Date last seen Date last checked out Cost, replacement price Price effective from Koha item type
          Pakistan Navy Engineering College (PNEC) Pakistan Navy Engineering College (PNEC)   08/16/2004 NHQ 200.00 1 909.82 STO PNECLIB-026624 02/10/2016 02/02/2016 200.00 08/16/2004 Book
© 2023 Central Library, National University of Sciences and Technology. All Rights Reserved.